Finančná kríza: charakteristika, typy a historické súvislosti
Charakteristika finančnej krízy a príčiny jej vzniku. Typologia finančných kríz. Menová kríza. Banková kríza. Dlhová kríza. História finančných kríz.
Gespeichert in:
| 1. Verfasser: | |
|---|---|
| Format: | Buchkapitel |
| Sprache: | Slowakisch |
| Schlagworte: | |
| Tags: |
Keine Tags, Fügen Sie das erste Tag hinzu!
|
MARC
| LEADER | 00000naa a2200000 4500 | ||
|---|---|---|---|
| 001 | 0190623 | ||
| 005 | 20240502073216.1 | ||
| 041 | 0 | |a slo | |
| 044 | |a SK | ||
| 245 | 1 | 0 | |a Finančná kríza: charakteristika, typy a historické súvislosti |c Valéria Dziurová |
| 520 | |a Charakteristika finančnej krízy a príčiny jej vzniku. Typologia finančných kríz. Menová kríza. Banková kríza. Dlhová kríza. História finančných kríz. | ||
| 610 | 2 | 0 | |a kríza finančná |
| 610 | 2 | 0 | |a história |
| 610 | 2 | 0 | |a pojmy |
| 610 | 2 | 0 | |a teórie ekonomické |
| 610 | 2 | 0 | |a cykly hospodárske |
| 100 | 1 | |a Dziurová, Valéria, 1986- | |